00218nam a2200085Ia 4500008004100000100002300041245002600064260003300090260000900123170620s9999 xx 000 0 und d aPandey- Veena Pani 0aTeaching of Geography bNew Delhi- Mohit Publication c2006